1170 1057 1573 1100 1722 1135 1522 1372 1101 1120 1917 1907 1456 1334 1631 1722 1137 1207 1192 1396 1440 1652 1188 1646 1756 1276 1539 1711 1878 1512 1961 1309 1012 1807 1824 1117 1735 1225 1793 1212 1637 1222 1673 1172 1978 1058 1917 1035 1884 1132 1044 1971 1019 1703 1067 1361 1405 1881 1516 1628 1737 1431 1053 1582 1308 1644 1965 1132 1811 1797 1752 1583 1742 1233 1517 1751 1547 1907 1648 1536 1203 1309 1794 1151 1277 1483 1105 1185 1529 1105 1280 1299 1038 1427 1694 1643 1142 1064 1393 BCNSPRNW ULIB Ver.6.0+V

เปลี่ยนเป็นภาษาไทย

Change to English
 แสดงรายละเอียดบรรณานุกรม
  กลับหน้าหลัก

Brief Record : Get Marc (ISO 2709) : E-mail record : QR code < ปิดหน้าต่าง
LEADER : 00000nam 2200000uu 4500
001    13399127709
003     ULIB
008    020711s2563 th a 000 0 tha d
060    ^aWY160^bศ169ค
100    ^aศราวุธ ภู่บุญ
245    ^aคู่มือการดูแลผู้ป่วยจิตเวชมีพฤติกรรมก้าวร้าวรุนแรงที่มารับบริการในคลินิกจิตเวชฉุกเฉินโรงพยาบาลจิตเวชนครสวรรค์ราชนครินทร์
250    ^aพิมพ์ครั้งที่ 1
260    ^aนครสวรรค์ :^bกลุ่มงานการพยาบาลผู้ป่วยจิตเวชฉุกเฉิน โรงพยาบาลจิตเวชนครสวรรค์ราชนครินทร์,^c2563
300    ^a50 หน้า;^b30 ซม.
650    ^aการพยาบาล-ผู้ป่วยจิตเวช
945    ^p0^l0^i008034
999    ^aประนอม เกษจรัล
รายการนี้ยังไม่มีแท็ก
คุณยังไม่ได้ล็อกอิน คุณสามารถมีกิจกรรมร่วมกับเว็บไซต์ได้ แต่ต้องล็อกอินก่อน ::
  ล็อกอิน

รายการสื่อสารสนเทศ

ลำดับที่ ประเภท เลขเรียก/บาร์โค้ด สถานที่ สถานะ
1. Book การพยาบาล
Book การพยาบาล
WY160 ศ169ค ฉ.1 
  Barcode: 008034
ห้องสมุดวิทยาเขตสวรรค์ประชารักษ์
►หนังสือทั่วไป
บนชั้น

BibComment


ยังไม่เคยถูกคอมเมนท์

คอมเมนท์ทรัพยากรรายการนี้
  คอมเมนท์: คู่มือการดูแลผู้..


 Copyright 2026. Bcnsprnw @Library